[Event "?"]
[Site "masterchessopen.com Reggio Emilia (Italy)"]
[Round "0"]
[White "Messa Roberto (ITA)"]
[Black "Antunes Antonio (POR)"]
[Result "0-1"]
[WhiteElo "2345"]
[BlackElo "2410"]

1.e4 c5 2.Nf3 Nc6 3.d4 cxd4 4.Nxd4 g6 5.c4 Nf6 6.Nc3 Nxd4 7.Qxd4 d6 8.Be2 Bg7
9.O-O O-O 10.Qd3 Be6 11.Be3 Qa5 12.Bd4 Rfc8 13.b3 a6 14.f4 b5 15.cxb5 axb5
16.Nxb5 Qb4 17.Rfd1 Ra5 18.Nc3 Nxe4 19.Qxe4 Rxc3 20.Bc4 d5 21.Qe1 dxc4 22.a3
Bxd4+ 23.Rxd4 Qxb3 24.Rd8+ Kg7 25.Rb8 Re3 {#R} 0-1

[Event "Tournament"]
[Site "masterchessopen.com Athens (Greece)"]
[Round "0"]
[White "Pandavos Panayotis (GRE)"]
[Black "Vlahopoulos Vasilios (GRE)"]
[Result "1-0"]
[WhiteElo "2247"]
[BlackElo "1982"]

1.e4 c5 2.Nf3 Nc6 3.d4 cxd4 4.Nxd4 g6 5.c4 Nf6 6.Nc3 Nxd4 7.Qxd4 d6 8.Be2 Bg7
9.O-O O-O 10.Qd3 Nd7 11.Be3 Nc5 12.Qc2 Bd7 13.Rad1 Bxc3 14.Qxc3 Nxe4 15.Qd4
Nc5 16.Bh6 Ne6 17.Qc3 Re8 18.Bf3 Qc8 19.Bd5 f6 20.Rfe1 Kh8 21.Re3 Ng7 22.Bf7
Nf5 23.Rxe7 {#r} 1-0

[Event "Bundesliga 1987/88"]
[Site "masterchessopen.com Germany"]
[Round "0"]
[White "Crede Dietmar (GER)"]
[Black "Klein Hans-Georg (GER)"]
[Result "0-1"]
[WhiteElo "2177"]
[BlackElo "2168"]

1.e4 c5 2.Nf3 Nc6 3.d4 cxd4 4.Nxd4 g6 5.c4 Nf6 6.Nc3 Nxd4 7.Qxd4 d6 8.Bg5 Bg7
9.Be2 O-O 10.Qd2 Be6 11.O-O Qa5 12.Rac1 Rfc8 13.b3 Kf8 14.Bh6 a6 15.Bxg7+ Kxg7
16.f4 Qc5+ 17.Kh1 b5 18.cxb5 axb5 19.Nxb5 Rxa2 20.Qxa2 Qxc1 21.Qa7 Qd2 22.Nd4
Bg4 23.Bc4 Nxe4 24.f5 Bxf5 25.Nxf5+ gxf5 26.Qxe7 Rxc4 {#R} 0-1

[Event "Ch Latvia"]
[Site "masterchessopen.com Latvia"]
[Round "0"]
[White "Vitolins Alvis (LAT)"]
[Black "Levchenkov Vitaly (LAT)"]
[Result "1-0"]
[WhiteElo "2415"]
[BlackElo "2260"]

1.e4 c5 2.Nf3 Nc6 3.d4 cxd4 4.Nxd4 g6 5.c4 Nf6 6.Nc3 Nxd4 7.Qxd4 d6 8.e5 dxe5
9.Qxd8+ Kxd8 10.g3 Bd7 11.Bg2 Bc6 12.O-O Nd7 13.Be3 f5 14.Rad1 Bxg2 15.Kxg2
Ke8 16.Nb5 Rc8 17.Nxa7 Rxc4 18.Rc1 Rxc1 19.Rxc1 Nf6 20.Rc7 Nd5 21.Rxb7 Kf7
22.Nc6 Bg7 23.b4 Bf6 24.a4 g5 25.a5 f4 26.Bc5 Rc8 27.b5 Ke6 28.a6 Nc7 29.Rxc7
Rxc7 30.a7 {#r} 1-0

[Event "It"]
[Site "masterchessopen.com Valencia (Spain)"]
[Round "0"]
[White "Lopez Pereyra Antonio (ESP)"]
[Black "Antunes Antonio (POR)"]
[Result "1-0"]
[WhiteElo "2148"]
[BlackElo "2445"]

1.e4 c5 2.Nf3 Nc6 3.d4 cxd4 4.Nxd4 g6 5.c4 Nf6 6.Nc3 d6 7.Be2 Nxd4 8.Qxd4 Bg7
9.Bg5 Qa5 10.Qd2 O-O 11.O-O a6 12.Rac1 Bd7 13.Rfd1 Rfc8 14.Bxf6 exf6 15.Nd5
Qd8 16.Qb4 Rc6 17.Qxb7 Kf8 18.b4 Rac8 19.a4 Be6 20.a5 f5 21.Nb6 R8c7 22.Qxa6
Qb8 23.exf5 Bc8 24.Qb5 Qa7 25.Bf3 Ba6 26.Qa4 Rxc4 27.Nxc4 Bxc4 28.b5 {#r} 1-0

[Event "Ch Brazil"]
[Site "masterchessopen.com Sao Paulo (Brazil)"]
[Round "0"]
[White "Tsuboi Edson Kenji (BRA)"]
[Black "Braga Cicero (BRA)"]
[Result "1-0"]
[WhiteElo "2350"]
[BlackElo "2416"]

1.e4 c5 2.Nf3 Nc6 3.d4 cxd4 4.Nxd4 g6 5.c4 Nf6 6.Nc3 Nxd4 7.Qxd4 d6 8.Be3 Bg7
9.Be2 O-O 10.Qd2 a6 11.O-O Be6 12.f3 Qa5 13.Nd5 Qxd2 14.Bxd2 Nxd5 15.cxd5 Bd4+
16.Kh1 Bd7 17.Bc3 Bxc3 18.bxc3 Rfc8 19.Rfb1 b5 20.c4 bxc4 21.Rb7 c3 22.Rc1 c2
23.Kg1 Ba4 24.Rb4 Rab8 {#r} 1-0

[Event "Tournament FMDA (team)"]
[Site "masterchessopen.com Buenos Aires (Argentina)"]
[Round "8"]
[White "Fuentes Alberto (ARG)"]
[Black "Spangenberg Hugo (ARG)"]
[Result "0-1"]
[WhiteElo "2128"]
[BlackElo "2487"]

1.e4 c5 2.Nf3 Nc6 3.d4 cxd4 4.Nxd4 g6 5.c4 Nf6 6.Nc3 d6 7.Be2 Nxd4 8.Qxd4 Bg7
9.O-O O-O 10.Bg5 Be6 11.Qd2 Qa5 12.b3 Rfc8 13.a4 Nd7 14.Rac1 Nc5 15.Nd5 Qxd2
16.Bxd2 Bxd5 17.exd5 Nxb3 18.Rc2 Nd4 {#R} 0-1

[Event "Ch Hungary (team) 1992/93"]
[Site "masterchessopen.com Hungary"]
[Round "0"]
[White "Almasi Zoltan (HUN)"]
[Black "Karolyi Tibor Jr (HUN)"]
[Result "1-0"]
[WhiteElo "2470"]
[BlackElo "2346"]

1.e4 c5 2.Nf3 Nc6 3.d4 cxd4 4.Nxd4 g6 5.c4 Nf6 6.Nc3 d6 7.Be2 Nxd4 8.Qxd4 Bg7
9.Bg5 Qa5 10.Qd2 O-O 11.O-O Be6 12.Rac1 Rfe8 13.b3 a6 14.f4 b5 15.f5 Bd7
16.fxg6 hxg6 17.e5 b4 18.exf6 bxc3 19.Qf4 exf6 20.Bxf6 Bf5 21.Bxg7 Kxg7 22.Bf3
Rab8 23.Bd5 {#r} 1-0

[Event "Ch Hungary (team) 1992/93"]
[Site "masterchessopen.com Hungary"]
[Round "0"]
[White "Kral Peter (HUN)"]
[Black "Mann Gerald (HUN)"]
[Result "1-0"]
[WhiteElo "2184"]
[BlackElo "2264"]

1.e4 c5 2.Nf3 g6 3.d4 cxd4 4.Nxd4 Nc6 5.c4 Nf6 6.Nc3 d6 7.Be2 Nxd4 8.Qxd4 Bg7
9.Be3 O-O 10.Qd1 Be6 11.Rc1 Qa5 12.O-O Rfc8 13.b3 a6 14.Bd2 Qd8 15.Kh1 Bd7
16.a4 Rab8 17.Be3 Qa5 18.Bd4 Bc6 19.f3 Ne8 20.f4 e5 21.fxe5 dxe5 22.Be3 Rd8
23.Qc2 Nc7 24.Nd5 Bxd5 25.cxd5 Ne8 26.Bg4 b5 27.Qf2 Rb7 28.Bc8 Re7 29.Bb6 {#r}
1-0

[Event "It"]
[Site "masterchessopen.com Lippstadt (Germany)"]
[Round "0"]
[White "Matthias Heiner (GER)"]
[Black "Ree Hans (NED)"]
[Result "0-1"]
[WhiteElo "2373"]
[BlackElo "2450"]

1.e4 c5 2.Nf3 Nc6 3.d4 cxd4 4.Nxd4 g6 5.c4 Nf6 6.Nc3 d6 7.Be2 Nxd4 8.Qxd4 Bg7
9.O-O O-O 10.Qd3 Bd7 11.Bg5 a6 12.Rfd1 Bc6 13.Rac1 b5 14.b4 bxc4 15.Qxc4 Bb5
16.Nxb5 axb5 17.Qc2 Qb6 18.Be3 Qa6 19.f3 Rfb8 20.Rd2 Qa3 21.Rd3 Qxa2 22.Rc3
Qe6 23.Rc7 Nd5 24.Ba7 Nxc7 25.Bxb8 Bd4+ 26.Kf1 Na6 27.Qc6 Rxb8 28.Qxa6 Qb3
29.Rc8+ Kg7 {#R} 0-1

[Event "It (open)"]
[Site "masterchessopen.com Palma de Majorca (Spain)"]
[Round "0"]
[White "Ubilava Elizbar (ESP)"]
[Black "Alvarez Ibarra Rafael (ESP)"]
[Result "1-0"]
[WhiteElo "2527"]
[BlackElo "2368"]

1.c4 g6 2.e4 c5 3.Nf3 Nc6 4.d4 cxd4 5.Nxd4 Nf6 6.Nc3 Nxd4 7.Qxd4 d6 8.Be2 Bg7
9.Be3 O-O 10.Qd2 Be6 11.Rc1 Qa5 12.f3 Rfc8 13.b3 a6 14.Na4 Qxd2+ 15.Kxd2 Nd7
16.f4 Nc5 17.Nxc5 dxc5 18.Rhd1 a5 19.Ke1 b6 20.Rd3 Rd8 21.Rcd1 Rxd3 22.Rxd3
Kf8 23.Bf3 Ke8 24.e5 Rd8 25.Bc6+ Bd7 26.Bd5 Rc8 27.Bxf7+ {#r} 1-0

[Event "Ch Russia (team)"]
[Site "masterchessopen.com Podolsk (Russia)"]
[Round "0"]
[White "Rodin Mihail (RUS)"]
[Black "Pigusov Evgeny (RUS)"]
[Result "0-1"]
[WhiteElo "2350"]
[BlackElo "2550"]

1.e4 c5 2.Nf3 Nc6 3.d4 cxd4 4.Nxd4 g6 5.c4 Nf6 6.Nc3 d6 7.Be2 Nxd4 8.Qxd4 Bg7
9.O-O O-O 10.Bg5 Be6 11.Qe3 Qb6 12.Rab1 Rfc8 13.b3 Qxe3 14.Bxe3 Kf8 15.f3 Ng4
16.fxg4 Bxc3 17.Rbc1 Bb2 18.Rc2 Ba3 19.g5 b5 20.h4 bxc4 21.Bxc4 Bxc4 22.bxc4
Kg8 23.Rcf2 Rxc4 24.Rxf7 Rxe4 25.Bxa7 Rxh4 26.g3 Re4 27.R7f3 Bb4 28.R3f2 Be1
{#R} 0-1

[Event "Tournament"]
[Site "masterchessopen.com Tampere (Finland)"]
[Round "4"]
[White "Lehtioksa Jorma (FIN)"]
[Black "Hermlin Aarne (EST)"]
[Result "0-1"]
[WhiteElo "2177"]
[BlackElo "2233"]

1.e4 c5 2.Nf3 Nc6 3.d4 cxd4 4.Nxd4 g6 5.c4 Nf6 6.Nc3 d6 7.Be2 Nxd4 8.Qxd4 Bg7
9.O-O O-O 10.Qd3 Be6 11.Bg5 a6 12.Rac1 Qa5 13.Bd2 Rfc8 14.b3 Qd8 15.f3 Nd7
16.Be3 b5 17.cxb5 axb5 18.Nxb5 Rxa2 19.Na7 Ne5 20.Rxc8 Bxc8 21.Qd1 Bd7 22.f4
Nc6 23.Nxc6 Bxc6 24.e5 Qa8 25.exd6 exd6 26.Bf3 Rb2 27.Qxd6 Bxf3 28.Rxf3 Qe4
29.Qd8+ Bf8 30.Bc5 Rb1+ {#R} 0-1

[Event "Ch USA (juniors)"]
[Site "masterchessopen.com USA"]
[Round "2"]
[White "Shaked Tal (USA)"]
[Black "Benjamin Dan (USA)"]
[Result "1-0"]
[WhiteElo "2468"]
[BlackElo "2280"]

1.e4 c5 2.Nf3 Nc6 3.d4 cxd4 4.Nxd4 g6 5.c4 Nf6 6.Nc3 d6 7.f3 Nxd4 8.Qxd4 Bg7
9.Be3 O-O 10.Qd2 Be6 11.Rc1 Qa5 12.Nd5 Qxa2 13.Nxe7+ Kh8 14.Be2 Rfe8 15.Nd5
Bxd5 16.cxd5 Rac8 17.O-O a6 18.Qb4 Rxc1 19.Rxc1 b5 20.Bd4 h5 21.Qc3 b4 22.Qc6
Re7 23.Bc4 b3 24.Qxd6 Nxe4 25.Qb6 Nd6 26.Bxb3 Qxb3 27.Bxg7+ {#r} 1-0

[Event "It (open)"]
[Site "masterchessopen.com Wiesbaden (Germany)"]
[Round "0"]
[White "Link Michael (GER)"]
[Black "Leimeister Erhard (GER)"]
[Result "0-1"]
[WhiteElo "1986"]
[BlackElo "2254"]

1.e4 c5 2.Nf3 Nc6 3.d4 cxd4 4.Nxd4 g6 5.c4 Nf6 6.Nc3 d6 7.Be2 Nxd4 8.Qxd4 Bg7
9.Bg5 O-O 10.Qd2 a6 11.f3 Be6 12.O-O Rc8 13.Nd5 b5 14.cxb5 Bxd5 15.exd5 axb5
16.Be3 Qd7 17.Rfd1 Qb7 18.a4 bxa4 19.Rxa4 Qb3 20.Rb4 Qc2 21.Rb7 Nxd5 22.Qxc2
Rxc2 23.Rxd5 Rxe2 24.Rxe7 Ra8 25.Ra7 Rb8 26.Rb5 Rc8 27.Ra3 Bd4 {#R} 0-1

[Event "It (open)"]
[Site "masterchessopen.com Wiesbaden (Germany)"]
[Round "0"]
[White "Roeberg Frank (GER)"]
[Black "Leimeister Erhard (GER)"]
[Result "1-0"]
[WhiteElo "2217"]
[BlackElo "2254"]

1.e4 c5 2.Nf3 Nc6 3.d4 cxd4 4.Nxd4 g6 5.c4 Nf6 6.Nc3 d6 7.Be2 Nxd4 8.Qxd4 Bg7
9.Bg5 O-O 10.Qd2 Be6 11.Rc1 a6 12.b3 b5 13.cxb5 axb5 14.Bxb5 Qa5 15.Bd3 Rfc8
16.O-O Rxc3 17.Rxc3 Nxe4 18.Bxe4 Bxc3 19.Qe3 Rc8 20.Bxe7 Qxa2 21.Bb7 Rc7
22.Bxd6 Rd7 23.Qxc3 Rxd6 24.Ra1 Bxb3 25.Bf3 {#r} 1-0

[Event "It (open)"]
[Site "masterchessopen.com Baden-Baden (Germany)"]
[Round "0"]
[White "Sutterer Robert (GER)"]
[Black "Kratochwil Christian (GER)"]
[Result "0-1"]
[WhiteElo "2205"]
[BlackElo "2281"]

1.e4 c5 2.Nf3 Nc6 3.d4 cxd4 4.Nxd4 g6 5.c4 Nf6 6.Nc3 Nxd4 7.Qxd4 d6 8.Be2 Bg7
9.Be3 O-O 10.Qd1 Be6 11.Rc1 Qa5 12.O-O Rfc8 13.b3 a6 14.f4 Bg4 15.Bxg4 Nxg4
16.Qxg4 Bxc3 17.Rc2 Bg7 18.Rfc1 Rc6 19.Qe2 Rac8 20.h3 b5 21.Kf1 bxc4 22.Rxc4
Rxc4 23.Rxc4 Rxc4 24.bxc4 Qc3 25.Kf2 h5 26.h4 a5 27.g3 a4 28.Kg2 a3 29.Qf2
Qxc4 {#R} 0-1

[Event "It (open)"]
[Site "masterchessopen.com Dortmund (Germany)"]
[Round "9"]
[White "Harari Zaki (USA)"]
[Black "Brendel Oliver (GER)"]
[Result "0-1"]
[WhiteElo "2180"]
[BlackElo "2355"]

1.e4 c5 2.Nf3 Nc6 3.d4 cxd4 4.Nxd4 g6 5.c4 Nf6 6.Nc3 Nxd4 7.Qxd4 d6 8.Bg5 Bg7
9.Be2 O-O 10.Qd2 Be6 11.Rc1 a6 12.b3 b5 13.cxb5 axb5 14.Bxb5 Qa5 15.Bc6 Ra6
16.Bxf6 Bxf6 17.Ba4 Rc8 {#R} 0-1

[Event "Bundesliga (w)"]
[Site "masterchessopen.com Germany"]
[Round "0"]
[White "Koglin Anke (GER)"]
[Black "Claus Caroline (GER)"]
[Result "0-1"]
[WhiteElo "2203"]
[BlackElo "2075"]

1.e4 c5 2.Nf3 Nc6 3.d4 cxd4 4.Nxd4 g6 5.c4 Nf6 6.Nc3 d6 7.Be2 Nxd4 8.Qxd4 Bg7
9.Be3 O-O 10.Qd2 Be6 11.Rc1 Qa5 12.O-O a6 13.h3 b5 14.cxb5 axb5 15.Bf3 Nd7
16.Rfe1 b4 17.Nd5 Bxd5 18.exd5 Qxa2 19.Qxb4 Ne5 20.Be2 Rfb8 21.Qh4 Bf6 22.Bg5
Rxb2 23.Bxf6 exf6 24.Bf1 Kg7 25.Red1 Qb3 26.f4 Nf3+ 27.gxf3 Qe3+ 28.Kh1 Qxf3+
29.Kg1 Qe3+ 30.Kh1 Raa2 {#R} 0-1

[Event "Oberliga Southwest 1993/94"]
[Site "masterchessopen.com Germany"]
[Round "0"]
[White "Link Michael (GER)"]
[Black "Krieger Hermann (GER)"]
[Result "1-0"]
[WhiteElo "1986"]
[BlackElo "2200"]

1.e4 c5 2.Nf3 Nc6 3.d4 cxd4 4.Nxd4 g6 5.c4 Nf6 6.Nc3 d6 7.Be2 Nxd4 8.Qxd4 Bg7
9.Bg5 O-O 10.Qd2 Be6 11.Rc1 Qa5 12.O-O Rfc8 13.Rfd1 Kf8 14.b3 a6 15.Qe3 Ng4
16.Bxg4 Bxg4 17.Nd5 Bxd1 18.Bxe7+ Kg8 19.Rxd1 Qxa2 20.Bf6 Rf8 21.Qh6 {#r} 1-0

[Event "Ch Germany (juniors) (under 20)"]
[Site "masterchessopen.com Hamburg (Germany)"]
[Round "0"]
[White "Hetey Laszlo (GER)"]
[Black "Sandor Christian (GER)"]
[Result "0-1"]
[WhiteElo "2333"]
[BlackElo "2350"]

1.e4 c5 2.Nf3 g6 3.d4 cxd4 4.Nxd4 Nc6 5.c4 Nf6 6.Nc3 d6 7.Be2 Nxd4 8.Qxd4 Bg7
9.Be3 O-O 10.Qd2 Be6 11.O-O a6 12.f3 Qa5 13.Nd5 Qxd2 14.Nxe7+ Kh8 15.Bxd2 Rfe8
16.Nd5 Nxd5 17.cxd5 Bxd5 18.Bc3 Bxc3 19.bxc3 Rac8 20.Rfc1 Be6 21.c4 Rc6
22.Rab1 Re7 23.Kf2 Rec7 24.Ke3 b5 25.Rb4 bxc4 26.Rc3 d5 27.e5 Kg7 28.Bd1 d4+
{#R} 0-1

[Event "Ch Hungary (team) 1993/94"]
[Site "masterchessopen.com Hungary"]
[Round "0"]
[White "Fogarasi Tibor (HUN)"]
[Black "Deak Sandor (HUN)"]
[Result "1-0"]
[WhiteElo "2440"]
[BlackElo "2299"]

1.e4 c5 2.Nf3 Nc6 3.d4 cxd4 4.Nxd4 g6 5.c4 Nf6 6.Nc3 Nxd4 7.Qxd4 d6 8.Be2 Bg7
9.O-O O-O 10.Qd3 Nd7 11.Bg5 Nc5 12.Qe3 Bxc3 13.bxc3 f6 14.Bh6 Re8 15.f4 Qa5
16.Kh1 Na4 17.Rac1 Qc5 18.Qg3 Nb6 19.f5 Kf7 20.Be3 {#r} 1-0

[Event "Ch Netherlands (team)"]
[Site "masterchessopen.com Netherlands"]
[Round "4"]
[White "Van Der Werf Mark (NED)"]
[Black "Ree Hans (NED)"]
[Result "1-0"]
[WhiteElo "2405"]
[BlackElo "2445"]

1.Nf3 c5 2.c4 g6 3.d4 cxd4 4.Nxd4 Nc6 5.e4 Nf6 6.Nc3 d6 7.Be2 Nxd4 8.Qxd4 Bg7
9.Bg5 O-O 10.Qe3 Be6 11.O-O Qb6 12.Qd2 Rfc8 13.Rac1 a6 14.b3 Qa5 15.f4 b5
16.f5 Bd7 17.fxg6 hxg6 18.e5 Ne8 19.Nd5 Qxd2 20.Bxd2 Rd8 21.Nxe7+ Kh7 22.Bf3
Ra7 23.Be3 Rc7 24.exd6 Nxd6 25.Bb6 {#r} 1-0

[Event "Ch Norway (team)"]
[Site "masterchessopen.com Norway"]
[Round "3"]
[White "Jansson Joran (NOR)"]
[Black "Bern Ivar (NOR)"]
[Result "0-1"]
[WhiteElo "2261"]
[BlackElo "2370"]

1.e4 c5 2.Nf3 Nc6 3.d4 cxd4 4.Nxd4 g6 5.c4 Nf6 6.Nc3 d6 7.Be2 Nxd4 8.Qxd4 Bg7
9.Bg5 O-O 10.Qd2 Be6 11.O-O Qa5 12.Rad1 Rfc8 13.b3 a6 14.Bxf6 exf6 15.Nd5 Qd8
16.Nf4 Bf8 17.Nxe6 fxe6 18.f4 Qe7 19.f5 Rc5 20.a4 Re8 21.fxg6 hxg6 22.Qf4 f5
23.Rd3 Re5 24.exf5 Rxe2 25.fxg6 Rc8 26.Rxd6 Rc5 27.g7 Qxg7 {#R} 0-1

[Event "Ch Argentina (juniors) (under 20)"]
[Site "masterchessopen.com San Jorge (Argentina)"]
[Round "6"]
[White "Pierrot Facundo (ARG)"]
[Black "Bonaveri Agustin (ARG)"]
[Result "1-0"]
[WhiteElo "2454"]
[BlackElo "2367"]

1.e4 c5 2.Nf3 Nc6 3.d4 cxd4 4.Nxd4 g6 5.c4 Nf6 6.Nc3 Nxd4 7.Qxd4 d6 8.Be2 Bg7
9.O-O O-O 10.Qd3 Be6 11.Bd2 Nd7 12.f4 Nc5 13.Qc2 f5 14.Be3 Bxc3 15.exf5 Bg7
16.fxe6 Nxe6 17.Rad1 Qa5 18.Bg4 Nc7 19.a3 Ne8 20.c5 Qb5 21.b4 Kh8 22.f5 gxf5
23.Bxf5 Nf6 24.Rf3 Ng8 25.cxd6 exd6 26.Rxd6 Rae8 27.Bf2 Re2 28.Qd3 Qe5 29.Bd4
Re1+ 30.Kf2 {#r} 1-0

[Event "It (open) (juniors)"]
[Site "masterchessopen.com Stockerau (Austria)"]
[Round "8"]
[White "Burstein Roman (LTU)"]
[Black "Hava Cristina (ROM)"]
[Result "0-1"]
[WhiteElo "2303"]
[BlackElo "2072"]

1.Nf3 c5 2.c4 Nc6 3.d4 cxd4 4.Nxd4 g6 5.e4 Nf6 6.Nc3 d6 7.f3 Nxd4 8.Qxd4 Bg7
9.Be2 O-O 10.O-O Ng4 11.Qd5 e6 12.Bg5 Qb6+ 13.c5 dxc5 14.Na4 Qc7 {#R} 0-1

[Event "It (open)"]
[Site "masterchessopen.com Velden (Austria)"]
[Round "0"]
[White "Huber Hans"]
[Black "Kropik Martin (AUT)"]
[Result "0-1"]
[WhiteElo "1990"]
[BlackElo "2075"]

1.e4 c5 2.Nf3 Nc6 3.d4 cxd4 4.Nxd4 g6 5.c4 Nf6 6.Be3 Nxe4 7.Bd3 Nf6 8.Nc3 Bg7
9.f3 O-O 10.g4 Nxg4 11.fxg4 Nxd4 12.Bxg6 fxg6 13.Bxd4 e5 14.Bf2 d6 15.Qd5+ Kh8
16.Ne4 Bxg4 17.O-O Bf3 18.Bg3 Qb6+ 19.Bf2 Qxb2 20.Rab1 Qc2 {#R} 0-1

[Event "Ch France (open)"]
[Site "masterchessopen.com Nantes (France)"]
[Date "1993.08.22"]
[Round "6"]
[White "Guyot Philippe (FRA)"]
[Black "Parmentier Xavier (FRA)"]
[Result "1-0"]
[WhiteElo "2235"]
[BlackElo "2279"]

1.e4 c5 2.Nf3 Nc6 3.d4 cxd4 4.Nxd4 g6 5.c4 Nf6 6.Nc3 d6 7.Be2 Nxd4 8.Qxd4 Bg7
9.Bd2 O-O 10.O-O Bd7 11.Kh1 Bc6 12.Qe3 a5 13.Rad1 Nd7 14.b3 Nc5 15.f4 Bxc3
16.Bxc3 Nxe4 17.Ba1 f5 18.c5 Kf7 19.Qd4 Rg8 20.cxd6 exd6 21.Bc4+ d5 22.Qe5 Qd6
23.Rxd5 Bxd5 24.Bxd5+ Kf8 25.Bxe4 Qxe5 26.fxe5 Ke7 27.Bxb7 Ra7 28.Bd5 Rd8
29.Bc4 a4 30.Bc3 {#r} 1-0

[Event "It (c)"]
[Site "masterchessopen.com Brno (Czech Republic)"]
[Round "4"]
[White "Kratochwil Christian (GER)"]
[Black "Danek Libor (CZE)"]
[Result "1-0"]
[WhiteElo "2315"]
[BlackElo "2355"]

1.c4 c5 2.Nf3 g6 3.e4 Nc6 4.d4 cxd4 5.Nxd4 Nf6 6.Nc3 Nxd4 7.Qxd4 d6 8.Bg5 Bg7
9.Be2 O-O 10.Qe3 Ng4 11.Bxg4 Bxg4 12.O-O Re8 13.Nd5 Qd7 14.Rab1 Be6 15.b3 b5
16.cxb5 Bxd5 17.exd5 Qxb5 18.Qd2 Rac8 19.Rbc1 Kf8 20.Rfe1 Rc5 21.Rxc5 Qxc5
22.Be3 Qa3 23.Rc1 Ra8 24.h4 a5 25.Qc2 Qb4 {#r} 1-0

[Event "It (open)"]
[Site "masterchessopen.com Darmstadt (Germany)"]
[Round "0"]
[White "Ginsburg Gennadij (GER)"]
[Black "Maciejewski Miroslaw (POL)"]
[Result "1-0"]
[WhiteElo "2435"]
[BlackElo "2292"]

1.e4 c5 2.Nf3 Nc6 3.d4 cxd4 4.Nxd4 g6 5.c4 Nf6 6.Nc3 Nxd4 7.Qxd4 d6 8.Be2 Bg7
9.Bg5 O-O 10.Qd2 Be6 11.Rc1 Qa5 12.f3 a6 13.Nd5 Qxa2 14.Nxe7+ Kh8 15.O-O Rfe8
16.Nd5 Bxd5 17.cxd5 Rac8 18.Qb4 Ng8 19.Qxb7 Bd4+ 20.Kh1 Rxc1 21.Bxc1 a5 22.Qc6
Rd8 23.Bc4 Qb1 24.Bg5 Qxf1+ 25.Bxf1 f6 26.Bd2 a4 27.Bc3 Bxc3 28.Qxc3 Rb8
29.Kg1 {#r} 1-0

[Event "Olympiad"]
[Site "masterchessopen.com Moscow (Russia)"]
[Round "13"]
[White "Riegler Primoz (SLO)"]
[Black "Palacios Antonio (VEN)"]
[Result "0-1"]
[WhiteElo "2250"]
[BlackElo "2320"]

1.e4 c5 2.Nf3 Nc6 3.d4 cxd4 4.Nxd4 g6 5.c4 Nf6 6.Nc3 d6 7.Be2 Nxd4 8.Qxd4 Bg7
9.Bg5 O-O 10.Qd2 Be6 11.Rc1 Qa5 12.O-O Rfc8 13.b3 a6 14.f4 Rc5 15.Qe3 Re8
16.Rfd1 Ng4 17.Bxg4 Bxg4 18.Nd5 Bxd1 19.Rxd1 Rxd5 20.Rxd5 Qxa2 21.h3 Qa1+
22.Kh2 Qc3 23.Qb6 Qe1 24.Qxb7 Qxe4 25.Qc6 Kf8 26.Bh4 Qxf4+ 27.Bg3 Qe3 {#R} 0-1

[Event "Olympiad (w)"]
[Site "masterchessopen.com Moscow (Russia)"]
[Round "12"]
[White "Kondou Eva (GRE)"]
[Black "Hernandez Tania (CUB)"]
[Result "1-0"]
[WhiteElo "2187"]
[BlackElo "2175"]

1.e4 c5 2.Nf3 Nc6 3.d4 cxd4 4.Nxd4 g6 5.c4 Nf6 6.Nc3 Nxd4 7.Qxd4 d6 8.Be2 Bg7
9.Bg5 O-O 10.Qd2 Be6 11.Rc1 Qa5 12.Bxf6 Bxf6 13.Nd5 Qxd2+ 14.Kxd2 Bxd5 15.exd5
Bg5+ 16.Kd3 Bxc1 17.Rxc1 Rfc8 18.a4 a5 19.Rc3 Rc7 20.f4 Kg7 21.Kd4 Re8 22.Rb3
e5+ 23.dxe6 fxe6 24.Rb6 Rd7 25.Bf3 e5+ 26.fxe5 dxe5+ 27.Ke3 e4 28.Be2 Re5
29.Bg4 Rd3+ 30.Kf4 Re7 31.Be2 g5+ 32.Kxg5 Rd2 {#r} 1-0

[Event "Tournament"]
[Site "masterchessopen.com Sarospatak (Hungary)"]
[Round "0"]
[White "Simon Laszlo (HUN)"]
[Black "Gonczi Jozsef (HUN)"]
[Result "1-0"]
[WhiteElo "2117"]
[BlackElo "2138"]

1.e4 c5 2.Nf3 Nc6 3.d4 cxd4 4.Nxd4 g6 5.c4 Nf6 6.Nc3 Nxd4 7.Qxd4 Bg7 8.e5 Ng4
9.Qxg4 Bxe5 10.Bh6 Bxc3+ 11.bxc3 d5 12.Qf3 d4 13.Rd1 e5 14.cxd4 exd4 15.Qe4+
Qe7 16.Qxe7+ Kxe7 17.Rxd4 Be6 {#r} 1-0

[Event "Tournament"]
[Site "masterchessopen.com Sarospatak (Hungary)"]
[Round "0"]
[White "Simon Laszlo (HUN)"]
[Black "Homonnay Adam (HUN)"]
[Result "0-1"]
[WhiteElo "2117"]
[BlackElo "2101"]

1.e4 c5 2.Nf3 Nc6 3.d4 cxd4 4.Nxd4 g6 5.c4 Nf6 6.Nc3 d6 7.f4 Nxd4 8.Qxd4 Bg7
9.e5 Ng4 10.exd6 Bxd4 11.dxe7 Qxe7+ 12.Be2 Nf2 13.Nd5 Qd6 14.Bd2 Nxh1 {#R} 0-1

[Event "Tournament"]
[Site "masterchessopen.com Sarospatak (Hungary)"]
[Round "0"]
[White "Simon Laszlo (HUN)"]
[Black "Lengyel Gabor (HUN)"]
[Result "1-0"]
[WhiteElo "2117"]
[BlackElo "1850"]

1.e4 c5 2.Nf3 Nc6 3.d4 cxd4 4.Nxd4 g6 5.c4 Nf6 6.Nc3 d6 7.f4 Nxd4 8.Qxd4 Bg7
9.e5 dxe5 10.Qxd8+ Kxd8 11.fxe5 Ng4 12.Bf4 Bxe5 13.Bxe5 Nxe5 14.O-O-O+ Bd7
15.g3 Kc7 16.Bg2 Rad8 17.b3 Bf5 18.Nd5+ Kb8 19.Nxe7 Rxd1+ 20.Rxd1 Nd3+ 21.Kd2
Rd8 22.Nd5 Nf2 23.Re1 Rd7 24.Re8+ {#r} 1-0

[Event "Ch Schleswig Holstein (M)"]
[Site "masterchessopen.com Schleswig Holstein (Germany)"]
[Round "0"]
[White "Christ Ralf (GER)"]
[Black "Krueger Wolfgang (GER)"]
[Result "1-0"]
[WhiteElo "2287"]
[BlackElo "2156"]

1.e4 c5 2.Nf3 Nc6 3.d4 cxd4 4.Nxd4 g6 5.c4 Nf6 6.Nc3 Nxd4 7.Qxd4 d6 8.Bg5 Bg7
9.Be2 Qa5 10.Qd2 Be6 11.f3 Rc8 12.b3 a6 13.Rc1 O-O 14.O-O Rfd8 15.Rfd1 Kf8
16.Kh1 b5 17.cxb5 Rxc3 18.Qxc3 Qxc3 19.Rxc3 Nxe4 20.fxe4 Bxc3 21.bxa6 h5
22.Be3 Bg4 23.Bf3 Ra8 24.a7 Bb4 25.a3 Bxa3 26.b4 Bb2 27.Bxg4 hxg4 28.b5 {#r}
1-0

[Event "Cup European Club"]
[Site "masterchessopen.com Strasbourg (France)"]
[Round "0"]
[White "Himmel Hansjoerg (GER)"]
[Black "Nikolic Nebojsa (BIH)"]
[Result "0-1"]
[WhiteElo "2245"]
[BlackElo "2440"]

1.e4 c5 2.Nf3 g6 3.c4 Nc6 4.d4 cxd4 5.Nxd4 Nf6 6.Nc3 d6 7.Be2 Nxd4 8.Qxd4 Bg7
9.Bg5 O-O 10.Qd2 Be6 11.Rc1 Qa5 12.f3 Rfc8 13.b3 a6 14.Nd5 Qxd2+ 15.Kxd2 Nxd5
16.exd5 Bd7 17.Bd3 e6 18.dxe6 Bxe6 19.Be4 h6 20.Be7 Rab8 21.Bxd6 Rd8 22.c5 Bf8
23.Ke2 Bxd6 24.cxd6 Rxd6 25.Rhd1 Rxd1 26.Rxd1 Kf8 27.Rd6 b6 28.f4 Ke7 29.Rc6
a5 30.Bf3 f5 {#R} 0-1